000 01149nam a2200313Ia 4500
005 20220317001056.0
008 160825s2008 sp a g 000 0 spa
020 _a97884348228012
100 1 _aInkiow, Dimiter
_d1932-
245 1 0 _aMatrioska
_cDimiter Inkiow ; ilustrado por Roser Rius ; traducido por alemán
_bMarinella Terzi
250 _a22a. edición
300 _a59 páginas
_bilustraciones en color
_c19 cm
490 _aEl barco de vapor
521 _aRecomendado para un público infantil mayor de 5 años
534 _tDie puppe, die ein baby haben wolve
650 1 4 _2LEMB
_aCuentos infantiles búlgaros
_ySiglo XX
650 1 4 _2LEMB
_aLiteratura infantil bulgara
_ySiglo XX
650 1 4 _2LEMB
_aMatrioscas en la literatura
650 1 4 _2LEMB
_aMuñecos en la literatura
700 1 _aRius Camps, Roser
_d1947-
_965339
700 1 _aTerzi Huguet, Marinella
_d1958-
_965340
942 _2loc
_cBKINF
264 _aMadrid
_bS. M.
_c2008
336 _atexto
_btxt
_2rdacontent
337 _asin mediación
_bn
_2rdamedia
338 _avolumen
_bnc
_2rdacarrier
040 _aCO-BoRNBP
_bspa
_erda
_cCO-BoRNBP
084 _aC INK1
999 _c5859
_d5859